000 00360nam a2200133Ia 4500
005 20251222142006.0
008 251222s9999||||xx |||||||||||||| ||spa||
020 _a84-7491-627-5
082 _a370.19/O34
100 _aMonclús Estella, Antonio
245 0 _aEducación para El Desarrollo y Cooperación Internacional
264 _bComplutense
942 _cLIB
999 _c10169
_d10169